Statistiques concernant Les adversaires de l'équipe de France au 1er tour de la Coupe du monde

Cliquez ici pour prendre le quiz!

Statistiques générales

  • Ce quiz a été pris 172 fois
  • Le résultat moyen est 31 sur 38

Statistiques - réponses

EditionAdversaireScore% Correct
2018AustralieA venir
97%
2018DanemarkA venir
97%
2002Danemark0-2
97%
1998Danemark2-1
97%
2014Suisse5-2
95%
2006Suisse0-0
95%
1998Afrique du Sud3-0
94%
2010Afrique du Sud1-2
94%
2018PérouA venir
94%
2010Uruguay0-0
93%
1966Uruguay1-2
93%
2002Uruguay0-0
93%
2010Mexique0-2
90%
1930Mexique4-1
90%
1966Mexique1-1
90%
1954Mexique3-2
90%
1978Argentine1-2
88%
1930Argentine0-1
88%
1978Italie1-2
87%
1986Union soviétique1-1
87%
2002Sénégal0-1
85%
1966Angleterre0-2
84%
1982Angleterre1-3
84%
1998Arabie saoudite4-0
81%
2014Honduras3-0
80%
2006Corée du Sud1-1
79%
1958Yougoslavie2-3
75%
1954Yougoslavie0-1
75%
2014Equateur0-0
73%
1986Canada1-0
71%
1930Chili0-1
69%
1978Hongrie3-1
67%
1986Hongrie3-0
67%
2006Togo2-0
64%
1982Tchécoslovaquie1-1
58%
1958Paraguay7-3
53%
1958Ecosse2-1
45%
1982Koweït4-1
44%

Distribution des résultats

Percentile par nombre de réponses

% des personnes avec chaque résultat

Votre développement - résultats

Vous n’avez pas pris ce quiz